000 01314cam a2200421 a 4500
001 103205
005 20230410142342.0
008 100531s2010 vc bz 001 0 ita
035 _a16268714
925 0 _aacquire
_b1 shelf copy
_xLL default
942 _2lcc
_cbk
010 _a 2010412941
020 _a9788820983505
035 _a(OCoLC)0620114980
035 _a(ItFiC)it10952711
040 _aDLC
_cDLC
042 _apcc
050 1 4 _aBX 1545
_bM379c 2010
082 0 0 _a261.7
100 1 _aMartín de Agar y Valverde, José Tomás.
240 1 0 _aTreaties, etc.
245 1 2 _aI concordati dal 2000 al 2009 /
_cJosé T. Martín de Agar.
260 _aCittà del Vaticano :
_bLibreria Editrice Vaticana,
_cc2010.
300 _a317 p. ;
_c21 cm.
440 0 _aCollectio Vaticana ;
_vv. 6
440 0 _aTesti legislativi ;
_v5
500 _aAt head of title: Pontificia Universita della Santa Croce.
504 _aIncludes bibliographical references and indexes.
650 0 _aConcordats.
650 0 _aConcordats
_zItaly.
650 0 _aChurch and state
_zItaly.
650 4 _aConcordatos
_xIglesia Católica
650 4 _aIglesia y estado
_zItaly.
650 4 _aConcordatos.
650 4 _aPrimera Jornada de Catalogacion.
923 _d20100524
_n10-30464
_s93001782
946 _aNBM
999 _c94113
_d94113